Sociedad 4 ; educación média : (Registro nro. 9674)

Detalles MARC
000 -LIDER
fixed length control field 02670nam a2200409 a 4500
001 - NÚMERO DE CONTROL
Identificador de número de control 00177
003 - IDENTIFICACDOR DE NÚMERO DE CONTROL
control field DO-SdBNP
005 - DATE AND TIME OF LATEST TRANSACTION
control field 20160513113633.0
007 - CAMPOS FIJOS DE DESCRIPCIÓN FÍSICA
fixed length control field 00177
008 - ELEMENTOS DE LONGITUD FIJA
fixed length control field 091118s2001 dr 2001 000 0 spa d
020 ## - ISBN
International Standard Book Number 9788482613659 (v. 4)
040 ## - FUENTE DE CATALOGACIÓN
Agencia que crea de manera original el registro BPMSU
Idioma de catalogación spa
Agencia que realiza la transcripción BPMSU
092 ## - LOCALLY ASSIGNED DEWEY DECIMAL CALL NUMBER
Número de clasificación 373.83
Número de ítem (Cutter) S678c 4to. 2001
245 00 - MENCIÓN DE TITULO
Título Sociedad 4 ; educación média :
Subtítulo la República Dominicana hoy /
Mención de responsabilidad Quisqueya Lora, ... [et al.]; dirección editorial Obdulia García de Escobar ; editora Margarita Castro Catrain
260 ## - PUBLICACIÓN, DISTRIBUCIÓN, ETC. (PIE DE IMPRENTA)
Lugar de publicación, distribución, etc Santo Domingo :
Nombre del editor, distribuidor, etc. Santillana,
Fecha de publicación, distribución, etc 2001.
300 ## - DESCRIPCIÓN FÍSICA
Extensión 239 p. :
Otros detalles físicos il., mapas., retrs. ;
Dimensiones 28 cm.
490 1# - MENCIÓN DE SERIES
Mención de serie Umbral
500 ## - NOTA GENERAL
Nota general Sociedad 4. Cuarto de bachillerato . 2do. curso / Segundo ciclo
505 ## - NOTA DE CONTENIDO
Título Unidad 1.
-- Las luchas por la democratización --
-- Unidad 2.
-- El gobierno de Juan Bosch --
-- Unidad 3.
-- Golpe de Estado al régimen de Juan Bosch --
-- Unidad 4.
-- La lucha política y la Guerra de Abril --
-- Unidad 5.
-- Los doce años de Joaquin Balaquer --
-- Unidad 6.
-- Los gobiernos desde el 1978 al 2004 --
-- Unidadd 7.
-- La división territorial dominicana --
-- Unidad 8.
-- La población dominicana --
-- Unidad 9.
-- Actividades primarias y recursos naturales --
-- Unidad 10.
-- La industria y los transportes --
-- Unidad 11.
-- Comercio externo, finanzas y turismo --
-- Unidad 12.
-- Reformas y globalización --
-- Unidad 13.
-- Desarrollo económico y social.
505 ## - NOTA DE CONTENIDO
Información miscelánea v. 1 :
Título Historia y geografía universal --
-- La historia y el origen de la humanidad --
-- Las primeras civilizaciones --
-- Del feudalismo al capitalismo --
-- El mundo contemporáneo --
-- Descubre tu planeta... la tierra --
-- Geografía humana: población y espacio humanizado --
505 ## - NOTA DE CONTENIDO
Información miscelánea v. 1 :
Título Historia y geografía universal --
-- La historia y el origen de la humanidad --
-- Las primeras civilizaciones --
-- Del feudalismo al capitalismo --
-- El mundo contemporáneo --
-- Descubre tu planeta... la tierra --
-- Geografía humana: población y espacio humanizado --
650 #4 - ENCABEZAMIENTO DE MATERIA--TEMÁTICO
Término temático o nombre geográfico como elemento de entrada CIENCIAS SOCIALES
Subdivisión temática general ENSEÑANZA SECUNDARIA
650 #4 - ENCABEZAMIENTO DE MATERIA--TEMÁTICO
Término temático o nombre geográfico como elemento de entrada CIENCIAS SOCIALES
Subdivisión temática general LIBROS DE TEXTOS
650 #4 - ENCABEZAMIENTO DE MATERIA--TEMÁTICO
Término temático o nombre geográfico como elemento de entrada CIENCIAS SOCIALES
Subdivisión temática general ESTUDIOS Y EJERCICIOS
650 #4 - ENCABEZAMIENTO DE MATERIA--TEMÁTICO
Término temático o nombre geográfico como elemento de entrada EDUCACIÓN SECUNDARIA
Subdivisión geográfica REPÚBLICA DOMINICANA
650 #4 - ENCABEZAMIENTO DE MATERIA--TEMÁTICO
Término temático o nombre geográfico como elemento de entrada CIENCIAS SOCIALES
Subdivisión temática general EDUCACIÓN SECUNDARIA
700 1# - ASIENTO SECUNDARIO -- NOMBRE PERSONAL
Nombre personal Aybar, Ignacio
700 12 - ASIENTO SECUNDARIO -- NOMBRE PERSONAL
Nombre personal García Escobar, Obdulia,
Mención de responsabilidad ed.
700 12 - ASIENTO SECUNDARIO -- NOMBRE PERSONAL
Nombre personal Castro Catrain, Margarita,
Mención de responsabilidad ed.
830 #0 - ASIENTO SECUNDARIO DE SERIE--TÍTULO UNIFORME
Título uniforme Umbral
910 ## - VALIDACIÓN
Validación Validado. Control de calidad MFF
930 #1 - EQUIVALENCE OR CROSS-REFERENCE-UNIFORM TITLE HEADING [LOCAL, CANADA]
Language of a work BND01
Medium of performance for music LF1
Field link and sequence number 20091118
Date of a work 01
Name of part/section of a work CT
Miscellaneous information 7859
942 ## - ADDED ENTRY ELEMENTS (KOHA)
Source of classification or shelving scheme Dewey Decimal Classification
Koha item type Libros
956 ## - LOCAL ELECTRONIC LOCATION AND ACCESS (OCLC)
Nombre de host YLOCKWARD
Número de acceso 10
Información de compresión 20150611
Inicio de sesión BND01
Procesador de solicitud 1044
956 ## - LOCAL ELECTRONIC LOCATION AND ACCESS (OCLC)
Nombre de host VMATEO
Número de acceso 10
Información de compresión 20150611
Inicio de sesión BMET02
Procesador de solicitud 00151
956 ## - LOCAL ELECTRONIC LOCATION AND ACCESS (OCLC)
Nombre de host BTAVÁREZ
Número de acceso 10
Información de compresión 20160411
Inicio de sesión BPMSU
Procesador de solicitud 00177
Existencias
Withdrawn status Lost status Source of classification or shelving scheme Damaged status Not for loan Collection code Home library Current library Date acquired Source of acquisition Total Checkouts Full call number Barcode Date last seen Price effective from Koha item type Copy number
    Dewey Decimal Classification       Biblioteca Pública Metropolitana Salomé Ureña Biblioteca Pública Metropolitana Salomé Ureña 04/11/2016 Donación   373.83 S678c 4to. 2001 BPMSU16040322 04/11/2016 04/11/2016 Libros  
    Dewey Decimal Classification       Biblioteca Pública Metropolitana Salomé Ureña Biblioteca Pública Metropolitana Salomé Ureña 04/11/2016 Donación   373.83 S678c 4to. 2001 BPMSU16040323 04/11/2016 04/11/2016 Libros ej. 2
    Dewey Decimal Classification       Biblioteca Pública Metropolitana Salomé Ureña Biblioteca Pública Metropolitana Salomé Ureña 04/11/2016 Donación   373.83 S678c 4to. 2001 BPMSU16040324 04/11/2016 04/11/2016 Libros ej. 3